Toutes les attractions de Poképark : La Grande Aventure de Pikachu - Statistiques

Statistiques générales
  • Ce quiz a été pris 5 fois
  • Le résultat moyen est 8 sur 15
Statistiques - réponses
Hint Réponse % Correct
Zone Végétale Saut en Liane de Florizarre
100%
Zone Végétale Secoue-Sprint de Bulbizarre
75%
Zone Rocheuse Course d'obstacles d'Absol
50%
Zone Hantée Course en Lianes de Bouldeneu
50%
Zone Hantée Cours-Muraille de Noctunoir
50%
Zone Enfouie Eclate-Mur de Bastiodon
50%
Zone Hantée Fanto-Tir de Motisma
50%
Zone Glaciaire Glisse-Glace de Pingoléon
50%
BONUS : Après la Zone Fleurie Havre Céleste
50%
Zone Ardente Tampo-Toupies de Rhinastoc
50%
Zone Rocheuse Tir-en-Ciel de Drattak
50%
Zone Balnéaire Vol-en-Ciel de Békipan
50%
Zone Fleurie Zeppelin en folie de Rayquaza
50%
Zone Balnéaire Aqua-Turbo de Léviator
25%
Zone Ardente Cogne-Roc de Braségali
25%
Aucun quiz correspondant
Distribution des résultats
% des personnes avec chaque résultat
Percentile par nombre de réponses
Votre historique - résultats
Vous n’avez pas pris ce quiz